000 00861nam a22002417a 4500
005 20100803111859.0
010 _aENG-97682
020 _a8183243495
_c900.00
020 _a9788183243490
_c900.00
035 _aEN-81215
037 _bDBAD/PUB
082 _a381.07109541
245 _aCommerce education in North - East India /
_cedited by A. Rajmani Singh
260 _aNew Delhi
_bMittal Publications
_c2010
270 _a4594/9, Daryaganj
_bNew Delhi
_e110002
300 _axx,331p.
_c22cm (Hb)
500 _aIncludes index
650 _aCommerce
_95334
650 _aEducation of Commerce
_95335
700 _aRajmani Singh
_94794
942 _2ddc
_cEN
_h381.07109541
_mCOM
999 _c38870
_d38870